[Event "82nd Tata Steel Challengers 2020"]
[Site "Wijk aan Zee"]
[Date "2020.01.18"]
[Round "7.4"]
[White "Eljanov, Pavel"]
[Black "Van Foreest, Lucas"]
[Result "1/2-1/2"]
[WhiteElo "2650"]
[BlackElo "2523"]
[Annotator "TA"]
[PlyCount "65"]
[EventDate "2020.01.11"]
[EventType "tourn"]
[EventCountry "NED"]
[SourceTitle "playchess.com"]
[Source "ChessBase"]
[SourceQuality "1"]

{[%evp 23,65,20,18,22,14,14,19,14,16,0,0,4,21,7,6,18,0,0,50,45,53,58,56,34,54,30,44,15,87,94,87,52,87,88,88,48,48,0,0,0,0,0,0,0]} 1. d4 Nf6 2. c4 e6 3. Nf3 d5 4. g3 Be7 5. Bg2 O-O 6. O-O dxc4 7. Qa4 a6 8. Qxc4 b5 9. Qc2 Bb7 10. Bd2 Be4 11. Qc1 Nc6 12. Be3 Rc8 13. Rd1 {E05: Open Catalan: 5 Nf3 Be7.} Nd5 14. Nbd2 {[%cal Bb1d2,Bd2e4,Be4c3][%mdl 32]} Nxe3 15. fxe3 Bxf3 $1 16. exf3 Na5 17. Ne4 f5 {[#]} 18. Nc3 $146 ({Predecessor:} 18. Nc5 Bxc5 19. dxc5 Qf6 20. b4 Nc4 21. Bf1 Rfd8 22. Bxc4 Rxd1+ 23. Qxd1 {½-½ (23) De Blois Figueredo,A (2364)-Fajs,B (2449) ICCF email 2010}) 18... Qd6 19. e4 c5 20. e5 $36 {[%mdl 2048] White has some pressure.} Qxd4+ 21. Rxd4 cxd4 22. Qe1 dxc3 23. bxc3 Rc7 24. Bf1 Rfc8 25. Rc1 Kf7 (25... Nc4 $11 {remains equal.}) 26. g4 $16 g6 27. Kh1 Nc4 28. gxf5 gxf5 29. Bxc4 Rxc4 30. Qe3 (30. Qg3 $5 {[%cal Rc1g1]} h6 31. f4 $16 (31. Rg1 Bg5 $11)) 30... b4 $1 {[%cal Rc4c3] The position is equal.} 31. Qh6 Rh4 32. Qd2 Rhc4 $1 {[%cal Rb4c3]} 33. Qh6 $1 {Accuracy: White = 76%, Black = 81%.} 1/2-1/2

[Event "82nd Tata Steel Challengers 2020"]
[Site "Wijk aan Zee"]
[Date "2020.01.18"]
[Round "7.5"]
[White "Grandelius, Nils"]
[Black "Abdusattorov, Nodirbek"]
[Result "1/2-1/2"]
[WhiteElo "2673"]
[BlackElo "2635"]
[Annotator "TA"]
[PlyCount "104"]
[EventDate "2020.01.11"]
[EventType "tourn"]
[EventCountry "NED"]
[SourceTitle "playchess.com"]
[Source "ChessBase"]
[SourceQuality "1"]

{[%evp 20,104,0,0,0,0,0,5,4,0,0,0,3,0,14,2,2,2,2,2,2,0,2,7,8,0,0,0,0,0,33,0,0,0,0,0,6,0,4,0,66,0,0,0,0,0,0,0,0,0,0,0,0,0,0,0,0,0,0,0,0,-8,0,0,-8,-8,-8,-8,-8,-8,-8,-8,0,0,8,8,8,8,8,8,8,-8,-8,-8,-8,-8,-8]} 1. Nf3 Nf6 2. c4 e6 3. g3 d5 4. d4 Be7 5. Bg2 O-O 6. O-O dxc4 7. Qc2 a6 8. Qxc4 b5 9. Qc2 Bb7 10. Bd2 Be4 11. Qc1 c6 {E05: Open Catalan: 5 Nf3 Be7} 12. a4 $146 (12. Rd1 Nbd7 13. Nc3 Bg6 14. a3 Rc8 15. b4 Nd5 16. Be1 Qc7 17. e3 h6 18. Qb2 N5b6 19. Qe2 {½-½ (31) Yu,Y (2751)-Giri,A (2797) Shenzhen 2019}) 12... Nbd7 13. Nc3 Bg6 14. Nh4 Bh5 15. h3 Nd5 16. axb5 axb5 17. Nxd5 cxd5 18. Bf3 Bxf3 19. Nxf3 Qb6 20. Qc2 Nf6 21. Bg5 h6 22. Bxf6 Bxf6 23. Rxa8 Rxa8 24. e3 Ra4 25. b3 Ra8 26. Rc1 b4 27. Kg2 Qa6 28. h4 g6 29. Ne1 (29. Qc5 {keeps more tension.} Qa3 30. Qc6 Kg7 31. Rc5 Ra7 32. Qb6) 29... Qa2 (29... h5 $11) 30. Qxa2 ({Better is} 30. Qc6 $1 $14) 30... Rxa2 $14 {[%mdl 4096] Endgame KRB-KRN. The position is equal.} 31. Rc8+ Kg7 32. Rb8 Be7 33. Nd3 Ra3 34. Nxb4 {Threatens to win with Nc6.} Rxb3 35. Nc6 Rxb8 36. Nxb8 $11 {KB-KN} Bd6 37. Nd7 f6 38. Nb6 Kf7 39. Kf3 h5 40. Na4 g5 41. hxg5 fxg5 42. g4 h4 43. Kg2 e5 44. dxe5 Bxe5 45. Nc5 d4 46. exd4 Bxd4 47. Nd3 Kf6 48. f4 gxf4 49. Nxf4 Be5 50. Kh3 Bxf4 51. Kxh4 Kg6 52. g5 Bxg5+ {Accuracy: White = 81%, Black = 70%.} 1/2-1/2

[Event "82nd Tata Steel Challengers 2020"]
[Site "Wijk aan Zee"]
[Date "2020.01.18"]
[Round "7.6"]
[White "Smirnov, Anton"]
[Black "Warmerdam, Max"]
[Result "1/2-1/2"]
[WhiteElo "2604"]
[BlackElo "2498"]
[Annotator "ChessBase"]
[PlyCount "65"]
[EventDate "2020.01.11"]
[EventType "tourn"]
[EventCountry "NED"]
[SourceTitle "playchess.com"]
[Source "ChessBase"]
[SourceQuality "1"]
[TimeControl "40/6000+30:20/3000+30:900+30"]

1. d4 {[%emt 0:00:00]} Nf6 {[%emt 0:00:00]} 2. c4 {[%emt 0:00:00]} e6 {[%emt 0:00:00]} 3. Nf3 {[%emt 0:00:00]} d5 {[%emt 0:00:00]} 4. Nc3 {[%emt 0:00:00]} Bb4 {[%emt 0:00:00]} 5. Qa4+ {[%emt 0:06:40]} Nc6 {[%emt 0:00:00]} 6. e3 {[%emt 0:00:55]} O-O {[%emt 0:00:21]} 7. a3 {[%emt 0:01:55]} Bxc3+ {[%emt 0:01:48]} 8. bxc3 {[%emt 0:00:18]} Ne4 {[%emt 0:06:33]} 9. Qc2 {[%emt 0:11:40]} b6 {[%emt 0:00:35]} 10. Bd3 {[%emt 0:04:43]} Ba6 {[%emt 0:00:22]} 11. cxd5 {[%emt 0:01:36]} Bxd3 {[%emt 0:00:47]} 12. Qxd3 {[%emt 0:00:02]} exd5 {[%emt 0:00:10]} 13. Nd2 {[%emt 0:04:33]} Nxd2 {[%emt 0:04:14]} 14. Bxd2 {[%emt 0:00:03]} Na5 {[%emt 0:00:21]} 15. O-O {[%emt 0:00:32]} Nc4 {[%emt 0:11:34]} 16. e4 {[%emt 0:16:22]} Nxd2 {[%emt 0:01:31]} 17. Qxd2 {[%emt 0:00:03]} dxe4 {[%emt 0:00:06]} 18. Qf4 {[%emt 0:00:27]} Qe7 {[%emt 0:14:39]} 19. Rfe1 {[%emt 0:01:38]} Rae8 {[%emt 0:09:15]} 20. f3 {[%emt 0:01:30]} f5 {[%emt 0:02:38]} 21. fxe4 {[%emt 0:01:19]} fxe4 {[%emt 0:00:07]} 22. Qe3 {[%emt 0:00:09]} Rf5 {[%emt 0:03:09]} 23. Re2 {[%emt 0:03:48]} h6 {[%emt 0:20:05]} 24. c4 {[%emt 0:09:21]} Qf6 {[%emt 0:07:08]} 25. Rae1 {[%emt 0:02:37]} Rf8 {[%emt 0:01:16]} 26. h3 {[%emt 0:00:28]} Rf4 {[%emt 0:01:11]} 27. d5 {[%emt 0:03:46]} Qe5 {[%emt 0:04:14]} 28. Rd2 {[%emt 0:07:33]} Kh8 {[%emt 0:01:40]} 29. Rde2 {[%emt 0:03:21]} R8f6 {[%emt 0:01:28]} 30. Rd2 {[%emt 0:01:38]} R6f5 {[%emt 0:07:49]} 31. Rd4 {[%emt 0:08:31]} Rf3 {[%emt 0:02:36]} 32. Qxe4 {[%emt 0:00:22]} Qg3 {[%emt 0:00:22]} 33. Qh4 {[%emt 0:00:12]} 1/2-1/2

[Event "82nd Tata Steel Challengers 2020"]
[Site "Wijk aan Zee"]
[Date "2020.01.18"]
[Round "7.7"]
[White "Ganguly, Surya Shekhar"]
[Black "Mamedov, Rauf"]
[Result "1/2-1/2"]
[WhiteElo "2636"]
[BlackElo "2659"]
[Annotator "TA"]
[PlyCount "81"]
[EventDate "2020.01.11"]
[EventType "tourn"]
[EventCountry "NED"]
[SourceTitle "playchess.com"]
[Source "ChessBase"]
[SourceQuality "1"]

{[%evp 27,81,0,26,21,54,37,184,102,95,81,202,122,100,61,74,73,83,-57,-64,-51,-47,-244,-260,-254,-228,-393,-373,-336,-95,-102,-112,-106,-112,-1210,-22,-2244,-20,-12,-17,-96,-64,-142,-134,-108,0,0,0,0,0,0,0,0,0,0,0,0]} 1. e4 c5 2. Nf3 Nc6 3. Nc3 g6 4. d4 cxd4 5. Nxd4 Bg7 6. Be3 Nf6 7. Bc4 O-O 8. Bb3 d6 9. f3 Bd7 10. h4 h5 11. Qd2 Rc8 12. O-O-O Ne5 13. Bg5 Rc5 14. Kb1 Re8 15. Bh6 {B78: Sicilian Dragon: Yugoslav Attack, 9 Bc4 Bd7 10 0-0-0 Rc8} (15. g4 hxg4 16. f4 Nc4 17. Qd3 Na5 18. Bxf6 exf6 19. Bd5 Nc6 20. Nxc6 bxc6 21. Bxf7+ Kxf7 22. Qxd6 Rxc3 23. Qxd7+ Qxd7 24. Rxd7+ {½-½ (47) Vachier Lagrave,M (2789)-Nakamura,H (2781) London 2017}) 15... Bh8 16. g4 Qa5 (16... Nc4 $14 17. Bxc4 Rxc4) 17. gxh5 (17. g5 $1 $18) 17... Nxh5 $16 18. Rhg1 Kh7 $146 (18... Nc4 $16 19. Bxc4 Rxc4) ({Predecessor:} 18... Nc4 19. Qd3 Ne5 20. Qe3 e6 21. Nde2 Rec8 22. Rxd6 Be8 {0-1 (47) Shodikulov,D (2112)-Golubev,R (2093) Tashkent 2010}) 19. Bg5 b5 {[%cal Bb7b5,Bb5b4][%mdl 32]} 20. f4 Nc4 21. Qd3 e6 22. Rdf1 {[#]} (22. e5 $16) 22... Nxb2 $1 $15 {[%mdl 512]} 23. Kxb2 b4 $1 ({Not} 23... Rec8 24. Nce2 $16) 24. f5 $2 (24. Nd1 $1 $15 Bb5 25. Qd2 Bxf1 26. Rxf1) 24... Rxc3 $19 25. fxg6+ fxg6 26. Qd1 $2 (26. Qd2 {was the only chance.} Qc5 27. Rd1) 26... Qc5 27. e5 Qxe5 $2 (27... Bxe5 $19 28. Rg4 Rg3) 28. Rf7+ $17 Kg8 29. Rxd7 {Black must now prevent Qxh5.} Qxd4 30. Kc1 $2 {[%mdl 8192] [#]} (30. Qxd4 $17 Bxd4 31. Rg4) 30... d5 $2 (30... Rd3 $1 $19 {[%mdl 512]} 31. Qxd3 (31. cxd3 Qb2#) 31... Qxg1+ 32. Qd1 Bb2+ $1 {[%mdl 576] Deflection} 33. Kxb2 Qxd1) 31. Re1 $2 {[%mdl 8192] [#]} ({Don't blunder} 31. Qf1 $2 Rf3 $1 $19 {[%mdl 512]}) (31. Qxd4 $11 Bxd4 32. Re1) 31... Rcc8 $2 (31... Rd3 $1 $19 {( -> ...Qb2#)} 32. Qxd3 Qa1+ 33. Kd2 Bc3+ {[%mdl 64] Skewer} 34. Qxc3 Qxc3+ 35. Kd1 Rf8) 32. Qxd4 $11 Bxd4 33. Bh6 (33. Ba4 $11 {remains equal.}) 33... Kh8 34. Re2 ({Better is} 34. Rd6 $15) 34... a5 $17 35. Ba4 Bg7 ({Black should play} 35... Ng3 $17 36. Rg2 Nf5 37. Rxg6 Rg8 38. Rxg8+ Rxg8) 36. Bxg7+ $1 $11 {The position is equal.} Nxg7 37. Rg2 $1 Rcd8 {Strongly threatening ...Rxd7.} 38. Ra7 Ra8 39. Rb7 Rab8 40. Ra7 Ra8 $1 {[%cal Ra8a7]} 41. Rb7 {Accuracy: White = 29%, Black = 27%.} 1/2-1/2

[Event "82nd Tata Steel Challengers 2020"]
[Site "Wijk aan Zee"]
[Date "2020.01.19"]
[Round "8.1"]
[White "Van Foreest, Lucas"]
[Black "Smirnov, Anton"]
[Result "1/2-1/2"]
[WhiteElo "2523"]
[BlackElo "2604"]
[Annotator "ChessBase"]
[PlyCount "48"]
[EventDate "2020.01.11"]
[EventType "tourn"]
[EventCountry "NED"]
[SourceTitle "playchess.com"]
[Source "ChessBase"]
[SourceQuality "1"]
[TimeControl "40/6000+30:20/3000+30:900+30"]

1. d4 {[%emt 0:00:00]} e6 {[%emt 0:00:00]} 2. Nf3 {[%emt 0:00:34]} Nf6 {[%emt 0:00:05]} 3. c4 {[%emt 0:00:18]} d5 {[%emt 0:00:06]} 4. g3 {[%emt 0:00:07]} Bb4+ {[%emt 0:00:07]} 5. Bd2 {[%emt 0:00:28]} Bd6 {[%emt 0:00:13]} 6. Bg2 {[%emt 0:01:30]} c6 {[%emt 0:00:25]} 7. O-O {[%emt 0:01:32]} Nbd7 {[%emt 0:00:06]} 8. Nc3 {[%emt 0:08:55]} dxc4 {[%emt 0:12:13]} 9. e4 {[%emt 0:00:29]} e5 {[%emt 0:02:31]} 10. Qe2 {[%emt 0:14:13]} b5 {[%emt 0:14:29]} 11. dxe5 {[%emt 0:12:09]} Nxe5 {[%emt 0:01:12]} 12. Nxe5 {[%emt 0:00:12]} Bxe5 {[%emt 0:00:07]} 13. f4 {[%emt 0:00:03]} Bd4+ {[%emt 0:03:11]} 14. Kh1 {[%emt 0:00:05]} O-O {[%emt 0:07:35]} 15. e5 {[%emt 0:00:51]} Bg4 {[%emt 0:03:22]} 16. Qe1 {[%emt 0:00:55]} Nd5 {[%emt 0:04:29]} 17. Nxd5 {[%emt 0:17:19]} cxd5 {[%emt 0:00:26]} 18. Bb4 {[%emt 0:06:29]} Re8 {[%emt 0:06:30]} 19. Qd2 {[%emt 0:00:18]} Qb6 {[%emt 0:06:00]} 20. Ba5 {[%emt 0:02:59]} Be3 {[%emt 0:07:41]} 21. Qe1 {[%emt 0:00:05]} Qc5 {[%emt 0:00:18]} 22. Bb4 {[%emt 0:00:06]} Qb6 {[%emt 0:00:05]} 23. Ba5 {[%emt 0:00:12]} Qc5 {[%emt 0:00:16]} 24. Bb4 {[%emt 0:00:03]} Qb6 {[%emt 0:00:20]} 1/2-1/2

[Event "82nd Tata Steel Challengers 2020"]
[Site "Wijk aan Zee"]
[Date "2020.01.19"]
[Round "8.2"]
[White "Abdusattorov, Nodirbek"]
[Black "Eljanov, Pavel"]
[Result "1/2-1/2"]
[WhiteElo "2635"]
[BlackElo "2650"]
[Annotator "TA"]
[PlyCount "101"]
[EventDate "2020.01.11"]
[EventType "tourn"]
[EventCountry "NED"]
[SourceTitle "playchess.com"]
[Source "ChessBase"]
[SourceQuality "1"]

{[%evp 15,101,29,24,0,12,14,19,19,21,21,22,14,25,18,17,19,18,14,15,10,17,10,10,7,15,17,20,5,12,0,12,12,21,13,18,14,18,21,21,0,8,4,20,14,22,4,20,0,0,3,4,0,0,0,0,0,0,0,0,-8,-8,-8,-8,-8,-11,-19,-8,-8,-8,-8,-8,-8,-8,-8,-8,-8,-8,-8,-8,-8,-8,-8,-8,-8,-8,-8,-8,-8]} 1. e4 e5 2. Nf3 Nc6 3. Bb5 Nf6 4. O-O Nxe4 5. Re1 Nd6 6. Nxe5 Be7 7. Bf1 Nxe5 8. Rxe5 O-O 9. Nc3 {C67: Ruy Lopez: Berlin Defence: 4 0-0 Nxe4} Ne8 10. Nd5 {[%cal Bc3d5,Bd5e3,Be3f5,Bf5e7][%mdl 32]} Bd6 11. Re1 c6 12. Ne3 Bc7 13. Nf5 d5 14. Ne7+ Kh8 {White must now prevent ...Be6.The position is equal.} 15. Nxc8 Rxc8 16. d3 f5 {[#]} 17. Qf3 $146 Qd7 18. Bf4 Nf6 19. g3 Bxf4 20. Qxf4 Rce8 21. c4 a6 22. Bg2 dxc4 23. dxc4 g6 24. Rxe8 Rxe8 25. Bf3 Kg7 26. Rd1 Qe7 27. Rd3 Qc5 28. h4 h6 29. Kg2 Re7 30. Rd8 (30. a3 {seems wilder.} Qe5 31. Qc1 Rd7 32. Rxd7+ Nxd7 33. Qd2) 30... Qe5 31. Qxe5 (31. Qc1 {looks sharper.} Ne4 32. Bxe4 Qxe4+ 33. Kh2 Qe2 34. Kg1) 31... Rxe5 $11 {[%mdl 4096] Endgame KRB-KRN} 32. b4 g5 33. Rb8 Re7 34. hxg5 hxg5 35. Kf1 Ng4 36. Bd1 Ne5 37. c5 Nd3 {...Re1+ is the strong threat.} 38. Bc2 Nxb4 39. Bxf5 Nxa2 40. Bc8 Nb4 {Threatening ...a5.} 41. Rxb7 Rxb7 42. Bxb7 {KB-KN} a5 {[%cal Ba6a5,Ba5a4,Ba4a3][%mdl 32]} 43. Ke2 a4 {Strongly threatening ...a3.} 44. Kd2 a3 {And now ...a2 would win.} 45. Kc1 $1 ({Don't go for} 45. Kc3 $2 {[#]} Nd3 $1 $19 {[%mdl 512]}) 45... Kf6 46. f4 gxf4 47. gxf4 Ke6 {[#]} (47... a2 $5 48. Kb2 $8 Kf5 $11) 48. f5+ $1 {[%mdl 512]} Kxf5 49. Kb1 Ke5 {[#] Hoping for ...Kd5.} 50. Bxc6 $1 {[%mdl 512]} Nxc6 51. Ka2 {Accuracy: White = 74%, Black = 47%.} 1/2-1/2

[Event "82nd Tata Steel Challengers 2020"]
[Site "Wijk aan Zee"]
[Date "2020.01.19"]
[Round "8.3"]
[White "Mamedov, Rauf"]
[Black "Warmerdam, Max"]
[Result "1-0"]
[WhiteElo "2659"]
[BlackElo "2498"]
[Annotator "TA RC"]
[PlyCount "49"]
[EventDate "2020.01.11"]
[EventType "tourn"]
[EventCountry "NED"]
[SourceTitle "playchess.com"]
[Source "ChessBase"]
[SourceQuality "1"]

{[%evp 11,93,15,24,24,19,25,22,-20,-15,-24,-28,-26,5,9,16,15,14,12,10,14,12,0,0,-29,-33,-33,-30,-66,-33,-41,91,-80,-85,-61,-85,-87,-87,-81,-10,-84,-74,-56,-35,-48,-52,-65,0,0,25,27,186,183,250,249,560,558,555,546,541,539,698,233,992,809,714,594,1528,1349,1594,1412,1178,448,1762,1827,1709,1713,5477,5477,5477,5375,5462,5379,822,764]} 1. e4 e5 2. Nf3 Nc6 3. Bc4 Nf6 4. d3 Bc5 5. c3 a6 6. Bb3 Ba7 7. Nbd2 {C54: Giuoco Piano: 4 c3 Nf6, main lines with 5 d4 and 5 d3.} h6 8. h3 O-O 9. g4 {The position is equal.} d5 10. g5 hxg5 11. Nxg5 Ne7 12. exd5 Nexd5 13. Nde4 Bf5 14. Qf3 Bg6 $1 15. Rg1 c6 {[#]} 16. Bd2 $146 ({Predecessor:} 16. Qg3 Qe7 17. Nxf6+ Qxf6 18. Ne4 Bxe4 19. dxe4 Nf4 20. Bxf4 exf4 21. Qg5 Qxg5 22. Rxg5 {½-½ (46) Del Monaco,A (2285)-Feher,A (2348) Budapest 2010}) 16... a5 {[%cal Ba6a5,Ba5a4][%mdl 32]} 17. O-O-O a4 18. Bc2 Nh5 {White should prevent ...Nhf4.} 19. d4 exd4 {Threatens to win with ...a3!} (19... a3 $5 20. bxa3 (20. dxe5 axb2+ 21. Kb1 b5 $17) 20... exd4 $15) 20. c4 Nb6 {[#]} (20... Qb6 $15) 21. Ng3 $2 {[#]} (21. Ne6 $1 $16 {[%cal Re6d8] is necessary to keep the advantage.} fxe6 {[%mdl 64] Discovered Attack} 22. Qg4) 21... d3 $1 $17 {[%cal Rd3c2]} 22. Bxd3 Qxd3 23. Qxd3 Bxd3 24. Nxh5 Bg6 (24... Bxc4 25. Ne4 $18) ({Black should try} 24... Nxc4 $17 25. Ne6 Bg6 26. Nhxg7 a3) 25. Nf4 {Played: Ng5-e6} 1-0

[Event "82nd Tata Steel Challengers 2020"]
[Site "Wijk aan Zee"]
[Date "2020.01.19"]
[Round "8.4"]
[White "Ganguly, Surya Shekhar"]
[Black "L'Ami, Erwin"]
[Result "1/2-1/2"]
[WhiteElo "2636"]
[BlackElo "2606"]
[Annotator "RC"]
[PlyCount "97"]
[EventDate "2020.01.11"]
[EventType "tourn"]
[EventCountry "NED"]
[SourceTitle "playchess.com"]
[Source "ChessBase"]
[SourceQuality "1"]
[TimeControl "40/6000+30:20/3000+30:900+30"]

1. c4 {[%emt 0:00:00]} e6 {[%emt 0:00:00]} 2. Nc3 {[%emt 0:00:16]} d5 {[%emt 0:00:00]} 3. d4 {[%emt 0:00:29]} Nf6 {[%emt 0:01:03]} 4. cxd5 {[%emt 0:00:49]} exd5 {[%emt 0:00:28]} 5. Bg5 {[%emt 0:00:32]} c6 {[%emt 0:00:10]} 6. e3 {[%emt 0:00:08]} Bf5 {[%emt 0:00:39]} 7. Qf3 {[%emt 0:00:48]} Bg6 {[%emt 0:00:09]} 8. Bxf6 {[%emt 0:00:05]} Qxf6 {[%emt 0:00:10]} 9. Qxf6 {[%emt 0:00:03]} gxf6 {[%emt 0:00:11]} 10. Nf3 {[%emt 0:08:59]} Be7 {[%emt 0:03:36]} 11. Nh4 {[%emt 0:03:35]} Nd7 {[%emt 0:02:40]} 12. Ne2 {[%emt 0:00:34]} f5 {[%emt 0:00:20]} 13. g3 {[%emt 0:00:08]} Bxh4 {[%emt 0:00:28]} 14. gxh4 {[%emt 0:00:05]} Nf6 {[%emt 0:01:48]} 15. Nf4 {[%emt 0:08:50]} Nh5 {[%emt 0:04:21]} 16. Be2 {[%emt 0:01:39]} Nxf4 {[%emt 0:01:34]} 17. exf4 {[%emt 0:00:04]} h5 {[%emt 0:02:47]} 18. Kd2 {[%emt 0:02:40]} Kd7 {[%emt 0:09:06]} 19. Bd3 {[%emt 0:19:00]} Rae8 {[%emt 0:16:52]} 20. Rhg1 {[%emt 0:07:48]} Kd6 {[%emt 0:01:37]} 21. b4 {[%emt 0:04:48]} Re7 {[%emt 0:10:45]} 22. a4 {[%emt 0:01:53]} Rhe8 {[%emt 0:09:33]} 23. Ra3 {[%emt 0:01:41]} b6 {[%emt 0:09:38]} 24. Rc3 {[%emt 0:04:12]} Rc7 {[%emt 0:03:27]} 25. Rgc1 {[%emt 0:06:03]} Ree7 {[%emt 0:01:32]} 26. a5 {[%emt 0:05:37]} Re8 {[%emt 0:14:12]} 27. axb6 {[%emt 0:04:51]} axb6 {[%emt 0:00:06]} 28. Ra1 {[%emt 0:00:53]} b5 {[%emt 0:02:04]} 29. Ra6 {[%emt 0:04:28]} Kd7 {[%emt 0:00:32]} 30. Rc5 {[%emt 0:02:56]} Re6 {[%emt 0:04:25]} 31. Ra8 {[%emt 0:01:47]} Rb7 {[%emt 0:00:22]} 32. Rc1 {[%emt 0:02:44]} Ke7 {[%emt 0:01:29]} 33. Rca1 {[%emt 0:02:04]} Kd7 {[%emt 0:01:32]} 34. Rf8 {[%emt 0:02:27]} Ke7 {[%emt 0:01:52]} 35. Rh8 {[%emt 0:03:53]} Kf6 {[%emt 0:01:51]} 36. Rc8 {[%emt 0:02:58]} Rb6 {[%emt 0:01:01]} 37. Rd8 {[%emt 0:04:04]} Re7 {[%emt 0:00:30]} 38. Raa8 {[%emt 0:00:59]} Re6 {[%emt 0:02:07]} 39. Ra7 {[%emt 0:01:20]} Kg7 {[%emt 0:01:50]} 40. Rdd7 {[%emt 0:00:00]} Kf6 {[%emt 0:00:00]} 41. Bc2 {[%emt 0:08:56]} Re8 {[%emt 0:01:30]} 42. Ra3 {[%emt 0:03:40]} Re6 {[%emt 0:03:11]} 43. Rd8 {[%emt 0:00:47]} Re7 {[%emt 0:01:11]} 44. Rda8 {[%emt 0:00:41]} Re6 {[%emt 0:00:58]} 45. Rg3 {[%emt 0:04:58]} Re7 {[%emt 0:02:24]} 46. Rg5 {[%emt 0:14:41]} Re6 {[%emt 0:01:29]} 47. Ra7 {[%emt 0:00:11]} Re8 {[%emt 0:00:30]} 48. Ra3 {[%emt 0:03:49]} Re6 {[%emt 0:00:32]} 49. Bd3 {[%emt 0:00:07] Ke5} 1/2-1/2

[Event "82nd Tata Steel Challengers 2020"]
[Site "Wijk aan Zee"]
[Date "2020.01.19"]
[Round "8.5"]
[White "Anton Guijarro, David"]
[Black "Nihal Sarin"]
[Result "1-0"]
[WhiteElo "2694"]
[BlackElo "2618"]
[Annotator "TA"]
[PlyCount "129"]
[EventDate "2020.01.11"]
[EventType "tourn"]
[EventCountry "NED"]
[SourceTitle "playchess.com"]
[Source "ChessBase"]
[SourceQuality "1"]

{[%evp 14,129,0,0,0,0,0,9,1,0,9,26,13,22,19,18,26,9,16,11,27,22,57,12,14,14,16,13,11,14,28,27,99,119,135,127,134,124,132,131,191,187,177,187,191,176,185,187,197,184,202,177,381,189,204,197,261,204,204,0,260,0,198,198,202,204,303,239,482,206,207,206,283,272,268,245,256,230,304,270,335,345,512,499,566,385,456,418,547,541,645,618,713,432,556,452,500,401,598,512,1354,1268,12837,945,12841,12842,12843,12843,12845,12845,12846,12847,12847,12847,12848,12848,12849,12849]} 1. c4 c6 2. Nf3 d5 3. e3 Nf6 4. Nc3 e6 5. b3 Bd6 6. Bb2 O-O 7. d4 Nbd7 8. Be2 b6 {D45: Semi-Slav: 5 e3} 9. O-O Qe7 (9... Bb7 10. Qc2 Qe7 11. Rfe1 Rfe8 12. Rad1 Rad8 13. Bf1 e5 14. dxe5 Nxe5 15. Nxe5 Bxe5 16. cxd5 cxd5 17. Nb5 Rc8 18. Qb1 Bxb2 19. Qxb2 Ba6 20. a4 Bxb5 21. axb5 {½-½ (55) Ding,L (2811)-Shankland,S (2705) chess.com INT 2019}) 10. Re1 Bb7 {The position is equal.} 11. Bd3 Rfe8 12. cxd5 Nxd5 13. Ne4 Bc7 $146 ({Predecessor:} 13... Bb4 14. Ned2 Qf6 15. a3 Be7 16. Nc4 Qh6 17. e4 {1-0 (53) Kalyoncuoglu,O (2078)-Rasstrigin,A (1927) LSS email 2011}) 14. Rc1 Rad8 15. Bb1 e5 16. Ng3 g6 17. Be4 c5 18. b4 (18. Bxd5 $5 Bxd5 19. e4 $14) 18... f5 19. Bxd5+ $1 Bxd5 20. dxc5 Nf6 21. Qc2 bxc5 22. bxc5 Qe6 (22... Rb8 $11 {remains equal.}) 23. Ng5 $1 $36 {[%cal Rg5e6][%mdl 2048] Keeping Black busy.} Qc6 24. e4 fxe4 25. N5xe4 Nxe4 26. Nxe4 Bxa2 {[#]} (26... Qe6 $16 27. f3 a6) 27. Bxe5 $1 $18 {[%mdl 576] Discovered Attack} Rxe5 (27... Bxe5 28. Qxa2+) 28. Qxa2+ {[%mdl 64] Double Attack} Kg7 29. f3 a5 30. Qb2 Kg8 31. Red1 {aiming for Rxd8+.} Rb8 32. Qa2+ Kg7 $2 (32... Qe6 {was called for.} 33. Qa4 Rf5) 33. Rc2 (33. Qa1 $142 Kg8 34. Rd7 $1 {[%mdl 512]}) 33... Rbe8 34. Qb2 {Hoping for Nd6.} Kh6 (34... Kg8 $142 35. Rd7 R8e7) 35. Qc1+ Kg7 36. Qb2 Kh6 $1 37. Qc1+ Kg7 $1 38. Rcd2 {[%cal Bc2d2,Bd2d3,Bd3a3][%mdl 32]} R8e7 39. Qc3 Kh6 (39... Kg8 {keeps fighting.} 40. Rd3 Rf5) 40. Rd3 Rf5 $2 (40... Kg7 41. f4 {[%mdl 64] Pin} Qxe4) 41. Qc4 (41. f4 $142 {Threatening mate with Rh3+.} Rxe4 42. Rh3+ Rh5 43. Rxh5+ gxh5 {[#]} 44. Rd6+ $1 {[%mdl 512]} Qxd6 45. cxd6 Bb6+ 46. Kf1 Rxf4+ 47. Ke2) 41... Kg7 42. g3 Rf8 43. Kg2 Be5 44. Ra3 Bc7 45. Rd5 h6 46. Rad3 Kh7 47. h4 Be5 (47... Kh8 $142 48. h5 gxh5 49. Rxh5 Re6) 48. Re3 a4 49. Ra3 Qb7 {White must now prevent ...Qb2+.} 50. Rd2 Ref7 51. Qxa4 Qb1 52. Rad3 Kh8 53. Qd1 Qb5 54. Qb3 Qc6 55. Qd5 Qc7 (55... Qxd5 $142 56. Rxd5 Bc7) 56. Qe6 {Rd7 is the strong threat.White is clearly winning.} Bxg3 (56... Re7 $142 57. Qa6 Rg7) 57. Nxg3 Qxc5 58. Qxg6 {And now Rd7 would win.} Rg7 59. Qxh6+ Kg8 60. Qe6+ Kh8 61. Rd5 Rxg3+ 62. Kxg3 Qg1+ 63. Rg2 {White wants to mate with Qh6+.} Rxf3+ 64. Kxf3 {[%cal Re6h6]} Qf1+ 65. Rf2 {Accuracy: White = 58%, Black = 34%.} 1-0